000 00611cab a2200241 4500
001 ABS48166
008 090401t1993 xxu||||| |||| 00| 0 eng d
035 _a(Sirsi) u65306
041 _aeng
100 _aChevin, D.
245 _aBlots in the landscape
260 _c1993
350 _a0
490 _aBuilding
_v258(7784) 5 March 1993, 42-43(2)
520 _aDiscusses how to prevent and cure stone discolouration.
650 _aCLADDING
650 _aFACADES
650 _aMARBLE
650 _aSEALANTS
690 _aBUILT ENVIRONMENT-BUILDING MATERIALS
942 _n0
948 _c04/03/1997
999 _c40727
_d40727